| 000 | 01368nam0a2200349 i 4500 | ||
|---|---|---|---|
| 001 | RU\NLR\bibl\1968880 | ||
| 005 | 20260607054544.0 | ||
| 010 |
_a9785877890626 _9500 |
||
| 021 |
_aRU _b2012-82171 _96081 |
||
| 035 | _a(nilc)RSL-KNO-005412363 | ||
| 035 | _a(NLR Aleph) 001957752 | ||
| 090 |
_a3783063 _c3783063 |
||
| 100 | _a20111129d2012 u y0rusy50 ca | ||
| 101 | 0 | _arus | |
| 102 | _aRU | ||
| 105 | _aa zzzz||||| | ||
| 200 | 1 |
_aТернистый путь к себе _eистории из жизни и рассказы _fАталия Беленькая |
|
| 210 |
_aМосква _cЗнак _d2012 |
||
| 215 |
_a398, [2] с. _cил. _d21 |
||
| 327 | 1 | _aСодерж.: Разделы: Истории из нашей еврейской жизни; Война в войне; Рассказы | |
| 606 |
_aЕвреи _jВоспоминания, записки и т.п. _yРоссия _91073154 _3RU\NLR\auth\66418242 |
||
| 686 |
_aШ5(2=Р)75-644 _2rubbk |
||
| 686 | _aШ6(2=Р)8-440.5 | ||
| 686 | _aТ3(29=Е)7,013 | ||
| 700 | 1 |
_4070 _7ca _8rus _aБеленькая _bА. С. _gАталия Семеновна _926101 _3RU\NLR\auth\7743158 |
|
| 801 | 0 |
_aRU _bРГБ _c20111129 _grcr |
|
| 801 | 1 |
_aRU _bРГБ _c20111129 |
|
| 801 | 2 |
_aRU _bNLR _c20121120 _grcr |
|
| 942 | _cBOOK | ||
| 980 | _aNBR | ||